National Association of Realtors (Record no. 120730)

MARC details
000 -LEADER
fixed length control field 00901cai a22001935a 4500
001 - CONTROL NUMBER
control field L145867
008 - FIXED-LENGTH DATA ELEMENTS--GENERAL INFORMATION
fixed length control field 081117u xxkao g 000 0 eng d
035 ## - SYSTEM CONTROL NUMBER
System control number (Sirsi) u145867
041 0# - LANGUAGE CODE
Language code of text/sound track or separate title eng
110 2# - MAIN ENTRY--CORPORATE NAME
Corporate name or jurisdiction name as entry element National Association of Realtors
9 (RLIN) 895
245 00 - TITLE STATEMENT
Title National Association of Realtors
Medium [electronic resource]
520 ## - SUMMARY, ETC.
Summary, etc. Official website for the United States organisation the National Association of Realtors (NAR). Provides information for residential property buyers and sellers, as well as a range of research and articles that will be of use to those working in the residential real estate sector.
520 ## - SUMMARY, ETC.
Summary, etc. The consumer portal for the NAR may also be of interest (see WS108075).
590 ## - LOCAL NOTE (RLIN)
Local note KA
651 #4 - SUBJECT ADDED ENTRY--GEOGRAPHIC NAME
Geographic name United States
Chronological subdivision 1959-
690 ## - LOCAL SUBJECT ADDED ENTRY--TOPICAL TERM (OCLC, RLIN)
Topical term or geographic name as entry element PROPERTY-PROPERTY AGENCY
856 40 - ELECTRONIC LOCATION AND ACCESS
Uniform Resource Identifier <a href="https://www.realtor.org/">https://www.realtor.org/</a>
Public note View the website free of charge at www.realtor.org...
942 ## - ADDED ENTRY ELEMENTS (KOHA)
Suppress in OPAC 0
Holdings
Withdrawn status Lost status Source of classification or shelving scheme Damaged status Not for loan Home library Current library Shelving location Date acquired Total Checkouts Full call number Barcode Date last seen Copy number Price effective from Koha item type
    Dewey Decimal Classification     Virtual Virtual Online 17/11/2008   ONLINE PUBLICATION 145867-1001 06/08/2019 1 06/08/2019 Online material